Logo CIB grande

FABRICATION DE LA FONTE A GRAPHITE SPHEROIDAL PAR LES PROCEDES AU MAGNESIUM (Registro nro. 202511)

Detalles MARC
000 -LEADER
campo de control de longitud fija 00494nam a2200193Ia 4500
005 - FECHA Y HORA DE LA ÚLTIMA TRANSACCIÓN
campo de control 20250425161113.0
008 - DATOS DE LONGITUD FIJA--INFORMACIÓN GENERAL
campo de control de longitud fija 250425s9999 xx 000 0 und d
041 ## - CÓDIGO DE IDIOMA
Código de lengua del texto/banda sonora o título independiente fre
043 ## - CÓDIGO DE ÁREA GEOGRÁFICA
Código de área geográfica fr
082 ## - NÚMERO DE LA CLASIFICACIÓN DECIMAL DEWEY
Número de clasificación 671.2
010 ## - NÚMERO DE CONTROL DE LA BIBLIOTECA DEL CONGRESO
Número de control de LC 12768
110 ## - ENTRADA PRINCIPAL--NOMBRE DE ENTIDAD CORPORATIVA
Nombre de entidad corporativa o nombre de jurisdicción como elemento de entrada CENTRE TECHNIQUE DES INDUSTRIES DE LA FONDERIE
245 #0 - MENCIÓN DEL TÍTULO
Título FABRICATION DE LA FONTE A GRAPHITE SPHEROIDAL PAR LES PROCEDES AU MAGNESIUM
250 ## - MENCION DE EDICION
Mención de edición S.E.
260 ## - PUBLICACIÓN, DISTRIBUCIÓN, ETC.
Lugar de publicación, distribución, etc. Francia
Nombre del editor, distribuidor, etc. S.E.
Fecha de publicación, distribución, etc. 1984
260 ## - PUBLICACIÓN, DISTRIBUCIÓN, ETC.
Lugar de publicación, distribución, etc. PARIS
300 ## - DESCRIPCIÓN FÍSICA
Extensión 52
942 ## - ELEMENTOS DE ENTRADA SECUNDARIOS (KOHA)
Tipo de ítem Koha Libros
Existencias
Estatus retirado Estado de pérdida Estado de daño No para préstamo Biblioteca de origen Biblioteca actual Ubicación en estantería Fecha de adquisición Coste, precio normal de compra Total de préstamos Código de barras Copia número Tipo de ítem Koha
        CENTRO DE INFORMACIÓN BIBLIOTECARIA CENTRO DE INFORMACIÓN BIBLIOTECARIA   19/02/2001 0.01   20724 1 Libros

Copyright 2025 ESPOL. Todos los derechos reservados.